Cryptocurrency phenomenon : (Record no. 52745)

MARC details
000 -LEADER
fixed length control field 00690nam a2200229Ia 4500
005 - DATE AND TIME OF LATEST TRANSACTION
control field 20260429112157.0
008 - FIXED-LENGTH DATA ELEMENTS--GENERAL INFORMATION
fixed length control field 260429s9999||||xx |||||||||||||| ||und||
020 ## - INTERNATIONAL STANDARD BOOK NUMBER
International Standard Book Number 9781032404424
041 ## - LANGUAGE CODE
Language English
082 ## - DEWEY DECIMAL CLASSIFICATION NUMBER
Classification number 332.4
Item number NIC
100 ## - MAIN ENTRY--PERSONAL NAME
Personal name Nicolini, Gianni
245 #0 - TITLE STATEMENT
Title Cryptocurrency phenomenon :
Remainder of title the origins, evolution and economics of digital currencies /
Statement of responsibility, etc Gianni Nicolini
250 ## - EDITION STATEMENT
Edition statement 1st ed.
260 ## - PUBLICATION, DISTRIBUTION, ETC. (IMPRINT)
Place of publication, distribution, etc London :
Name of publisher, distributor, etc Routledge,
Date of publication, distribution, etc 2024.
300 ## - PHYSICAL DESCRIPTION
Extent ix, 107 p.; hb
440 ## - SERIES STATEMENT/ADDED ENTRY--TITLE
Title Routledge international studies in money and banking
650 ## - SUBJECT ADDED ENTRY--TOPICAL TERM
Topical term or geographic name as entry element Digital currencies
650 ## - SUBJECT ADDED ENTRY--TOPICAL TERM
Topical term or geographic name as entry element Economics
650 ## - SUBJECT ADDED ENTRY--TOPICAL TERM
Topical term or geographic name as entry element Cryptocurrency
700 ## - ADDED ENTRY--PERSONAL NAME
Personal name Intini, Silvia
942 ## - ADDED ENTRY ELEMENTS (KOHA)
Koha item type Text Books
Holdings
Withdrawn status Lost status Damaged status Not for loan Collection code Home library Location Shelving location Date of Cataloging Source of acquisition Total Checkouts Full call number Barcode Date last seen Price effective from Koha item type
        Non-fiction CUTN Central Library CUTN Central Library Social Sciences 29/04/2026 Technical Bureau, New Delhi - Invoice No. TB3352 on 09-02-2026   332.4 NIC 57864 29/04/2026 29/04/2026 Text Books